Top 30 World Cities With Seven Letters - Statistics

General Stats
  • This quiz has been taken 108 times
  • The average score is 22 of 30
Answer Stats
pop country city % Correct
16.90 mil Thailand Bangkok
95%
28.10 mil Indonesia Jakarta
94%
21.20 mil China Beijing
93%
22.00 mil United States New York
92%
7.10 mil Canada Toronto
91%
5.20 mil Kenya Nairobi
90%
3.68 mil Algeria Algiers
89%
3.70 mil Venezuela Caracas
87%
6.85 mil Iraq Baghdad
86%
9.80 mil United States Chicago
86%
6.20 mil United States Houston
86%
2.50 mil Israel Tel Aviv
85%
1.84 mil Costa Rica San José
82%
24.30 mil Pakistan Karachi
80%
4.68 mil Sri Lanka Colombo
79%
2.75 mil Germany Hamburg
78%
16.00 mil India Kolkata
77%
4.08 mil United States Seattle
77%
3.03 mil Uganda Kampala
71%
5.70 mil United States Detroit
70%
10.00 mil India Chennai
67%
5.50 mil United States Atlanta
66%
11.40 mil China T{ianjin}
64%
6.85 mil China N{anjing}
61%
3.08 mil United States Orlando
55%
9.60 mil China C{hengdu}
54%
5.95 mil Indonesia Bandung
45%
5.70 mil China Q{ingdao}
38%
5.90 mil China W{enzhou}
31%
7.95 mil China S{hantou}
28%
No matching quizzes found
Score Distribution
Percent of People with Each Score
Percentile by Number Answered
Your Score History
You have not taken this quiz